Warhammer 40k Primarchs Quiz - Statistics

General Stats
  • This quiz has been taken 718 times
  • The average score is 14 of 18
Answer Stats
Legion # Primarch Legion % Correct
1 Lion El'Jonson Dark Angels
95%
3 Fulgrim Emperor's Children
84%
5 Jaghatai Khan White Scars
82%
16 Horus Lupercal Luna Wolves / Sons of Horus
79%
7 Rogal Dorn Imperial Fists
79%
9 Sanguinius Blood Angels
79%
6 Leman Russ Space Wolves
78%
13 Roboute Guilliman Ultramarines
78%
12 Angron World Eaters
77%
15 Magnus the Red Thousand Sons
74%
18 Vulkan Salamanders
74%
8 Konrad Curze Night Lords
73%
4 Perturabo Iron Warriors
73%
20 Alpharius / Omegon Alpha Legion
71%
14 Mortarion Death Guard
71%
10 Ferrus Manus Iron Hands
70%
19 Corvus Corax Raven Guard
63%
17 Lorgar Aurelian Word Bearers
63%
No matching quizzes found
Score Distribution
Percent of People with Each Score
Percentile by Number Answered
Your Score History
You have not taken this quiz